50 Flicks to Click (1973) Quiz Stats

 Plays Quiz Updated Aug 9, 2017

Support Sporcle.
Go Orange.
Score 0/50 Timer 07:00
1 Play Today
% Correct
Die
92.8%
Superstar
92.1%
Musketeers
91.6%
American
91.5%
Hood
91.5%
Way
91.5%
Charlotte's
91.1%
Drum
91%
Look
88%
Cometh
87.3%
Touch
85.6%
Walking
84%
Sawyer
83.6%
Battle
82.4%
Enter
80.8%
High
80.6%
Sinbad
80.4%
Jackal
80.3%
Green
80.2%
Hero
79.7%
Paper
77.8%
Streets
76%
Garrett
74.7%
Moon
74.1%
Seagull
71.9%
% Correct
White
71.6%
Magnum
71.1%
Goodbye
69.4%
Day
68.8%
Lost
66.5%
Hitler
63.7%
Legend
62.9%
Athlete
58.5%
Charley
57.6%
Laughing
55.7%
Cahill
53.2%
Lucky
52.9%
Electra
51.9%
Coyle
51.9%
Cat
48.3%
Oklahoma
46.8%
Planet
46.1%
Tiger
43.8%
Night
42.4%
Frankenstein
38.4%
Detail
36.6%
Cinderella
32.9%
Blacula
29.8%
Mama
24.7%
Nobody
23.4%

You're not logged in!

Compare scores with friends on all Sporcle quizzes.
OR
Log In
Forgot?

From the Vault

Clicking Through the 19th Century

by kcostell

The 19th century was pretty eventful, but you can't just go attributing everything to that era.
Remove Ads.
Support Sporcle.
Get the best of Sporcle when you Go Orange. This ad-free experience offers more features, more stats, and more fun while also helping to support Sporcle. Thank you for becoming a member.

Show Comments

Extras

Top Quizzes Today


Score Distribution

Your Account Isn't Verified!

In order to create a playlist on Sporcle, you need to verify the email address you used during registration. Go to your Sporcle Settings to finish the process.

Report this User

Report this user for behavior that violates our Community Guidelines.

Details: